000 01307nam a2200373 a 4500
001 vtls001706289
003 NLI
005 20210628160114.0
008 130408s2011 ii ba e 001 0 eng d
020 _a9788124605547
_cRs.650.00
039 9 _a201305211621
_bjagesward
_y201304081608
_zsantanuc
040 _aNLI :
_beng
_cNLMARC21
041 0 _aeng
044 _aii
082 0 4 _a958.01
_222
100 1 _aVannucci, Marta,
_d1921-
_91121309
245 1 0 _aAncient movements of the Indo-Aryans and Indo-Iranians /
_cMarta Vannucci
260 _aNew Delhi :
_bD.K. Printworld,
_c2011
300 _axii, 272 p. :
_bill., maps ;
_c22 cm.
504 _aIncludes bibliographical references and index
650 0 _aIndo-Aryans
_xHistory
_9828988
650 0 _aIndo-Iranians
_xHistory
_91121310
650 0 _aSocial movements
_zasia, Central
_xHistory
_91121311
651 0 _aAsia, Central
_xCivilization
_9827590
887 _aSantanu Chanda Jageswar
901 _aDB133413 :
_b13.6.12
902 _aE 958.01 V 339
904 _aSantanu Chanda
905 _aJageswar
949 _AVIRTUAITEM
_D10000
_X100
_6DBA000133413ENG
942 _2ddc
_cBKS
999 _aVIRTUA
_c1154792
_d1154792
999 _aVTLSSORT0080*0200*0400*0410*0440*0820*1000*2450*2600*3000*5040*6500*6501*6502*6510*8520*9010*9020*9040*9050*9992